Let's look at animals / (Запис № 518242)
[ простий вигляд ]
| 000 -LEADER | |
|---|---|
| fixed length control field | 01448nam a2200313Ia 4500 |
| 001 - CONTROL NUMBER | |
| control field | letslookatanimal00fred |
| 003 - CONTROL NUMBER IDENTIFIER | |
| control field | CaSfIA |
| 005 - DATE AND TIME OF LATEST TRANSACTION | |
| control field | 20210118163832.0 |
| 007 - PHYSICAL DESCRIPTION FIXED FIELD--GENERAL INFORMATION | |
| fixed length control field | cr|||| |
| 008 - FIXED-LENGTH DATA ELEMENTS--GENERAL INFORMATION | |
| fixed length control field | 890125s1987 nyua j 000 1 eng d |
| 040 ## - CATALOGING SOURCE | |
| Original cataloging agency | SLC |
| Transcribing agency | SLC |
| Modifying agency | BAKER |
| -- | CaSfIA |
| 020 ## - INTERNATIONAL STANDARD BOOK NUMBER | |
| International Standard Book Number | 0843130180 : |
| Terms of availability | $4.95 |
| 020 ## - INTERNATIONAL STANDARD BOOK NUMBER | |
| International Standard Book Number | 9780843130188 |
| 035 ## - SYSTEM CONTROL NUMBER | |
| System control number | (OCoLC)19060312 |
| 082 #4 - DEWEY DECIMAL CLASSIFICATION NUMBER | |
| Classification number | 813 |
| 245 00 - TITLE STATEMENT | |
| Title | Let's look at animals / |
| Medium | [electronic resource] |
| Statement of responsibility, etc | [illustrated by Victor Frederick]. |
| 260 ## - PUBLICATION, DISTRIBUTION, ETC. (IMPRINT) | |
| Place of publication, distribution, etc | [New York] : |
| Name of publisher, distributor, etc | Price, Sloan, Stern, |
| Date of publication, distribution, etc | c1987. |
| 300 ## - PHYSICAL DESCRIPTION | |
| Extent | [12] p. : |
| Other physical details | col. ill. ; |
| Dimensions | 28 cm. |
| 490 0# - SERIES STATEMENT | |
| Series statement | Preschool word books |
| 500 ## - GENERAL NOTE | |
| General note | Cover title. |
| 500 ## - GENERAL NOTE | |
| General note | "Treasure books." |
| 520 ## - SUMMARY, ETC. | |
| Summary, etc | Heavy board pages depict various animals who live on the farm, in the woods and in the jungle, together with their corresponding vocabulary words. |
| 506 ## - RESTRICTIONS ON ACCESS NOTE | |
| Standardized terminology for access restriction | Необхідна авторизація на https://archive.org/ (створення облікового запису безкоштовно) |
| 506 ## - RESTRICTIONS ON ACCESS NOTE | |
| Standardized terminology for access restriction | Необхідна авторизація на https://openlibrary.org/ (створення облікового запису безкоштовно) |
| 700 1# - ADDED ENTRY--PERSONAL NAME | |
| Personal name | Frederick, Victor, |
| Relator term | ill. |
| 856 41 - ELECTRONIC LOCATION AND ACCESS | |
| Uniform Resource Identifier | <a href="http://www.archive.org/details/letslookatanimal00fred">http://www.archive.org/details/letslookatanimal00fred</a> |
| Public note | Free eBook from the Internet Archive |
| 856 42 - ELECTRONIC LOCATION AND ACCESS | |
| Uniform Resource Identifier | <a href="http://www.openlibrary.org/books/OL24373913M">http://www.openlibrary.org/books/OL24373913M</a> |
| Public note | Additional information and access via Open Library |
| 942 ## - ADDED ENTRY ELEMENTS (KOHA) | |
| Koha item type | ЕКнига |
Немає доступних примірників.